000 00421nam a2200169Ia 4500
008 180921t2015 xxu||||| |||| 00| 1 sin d
041 _asin
080 _aX8C31
_bRAJ
100 _aRajapaksha, J.J.
245 _aඅරලිය වන අරණ
246 _aAraliya Wana Arana
260 _bGodage
_aColombo
_c2015
300 _a160p., 21cm
942 _cBK
999 _c7268
_d7268
003 LK-CoDNM
040 _aLK-CoDNM
_dLK-CoDNM
_eLK-CoDNM